01387nam a22001937a 4500003000900000008004100009040007100050082001900121100002300140245010200163260003800265300002900303505073100332650004701063650001701110650001201127650004101139650001301180AR-CdUCM190226b ||||| |||| 00| 0 spa d aMUNICIPALIDAD PROVINCIAL DEL CUSCOcBIBLIOTECA MUNICIPAL DEL CUSCO a338.98 / bC35 aCastro, Josué de a¿Adonde va la América Latina? : bdinámica del desarrollo, cambios y resistencias sociales / aLima : bLatinoamericana, c1966. a187 páginas ;c20.5 cm aContenido: Primera conferencia: La dinámica del desarrollo en América Latina. Cambios y resistencias sociales. El hambre y el sub-desarrollo en América Latina. El hambre como experiencia biológica del fenómeno económico del subdesarrollo -- Segunda conferencia: Unidad y diversidad en América Latina. Las raíces sociológicas de América Latina. La colonización Ibérica y las independencias ficticias -- Tercera conferencia: El deseo de emancipación económica y la lucha contra el neocolonialismo. El problema crítico de las Reformas Agrarias. El comercio exterior y el problema de los productos de base. La alianza para el progreso y cooperación internacional ¿Adonde va la América Latina?... aDesarrollo económico - América Latina aConferencias aEnsayos aDesarrollo social - América Latina aSiglo XX